¿Reactivación del agro?

Uloženo v:
Podrobná bibliografie
Médium: Text
Témata:
Tagy: Přidat tag
Žádné tagy, Buďte první, kdo vytvoří štítek k tomuto záznamu!

MARC

LEADER 00000 a a2200000 04500
001 6289
003
040
245 |a ¿Reactivación del agro?  
650 |a AGRICULTURA  
650 |a LIBERALIZACION DEL INTERCAMBIO  
650 |a IMPUESTO AL VALOR AGREGADO  
650 |a CREDITO  
650 |a ESTADO  
650 |a PRODUCION  
650 |a MERCADO  
773 |g volumen 20, número 869; páginas 5-7  
999 |c 24008  |d 24008